| 000 | 00919nam a2200265Ia 4500 | ||
|---|---|---|---|
| 003 | OSt | ||
| 005 | 20221005105334.0 | ||
| 006 | a|||||r|||| 00| 0 | ||
| 007 | ta | ||
| 008 | 221004b |||||||| |||| 00| 0 hin d | ||
| 020 |
_a9788128837517 (hbk) _cIndian Rupees 300.00 |
||
| 024 | _a27890 | ||
| 037 |
_bGift, 04/10/2016, _cTextual |
||
| 040 |
_aCRL _cCRL _bhin |
||
| 041 |
_2hin _ahin |
||
| 082 | _aU8.58, 152Q2 | ||
| 100 | _aवार्ष्णेय, शिखा | ||
| 245 | 0 | _aस्मृतियों में रूस | |
| 246 | _aSmṛutiyoan mean rūsa | ||
| 260 |
_aनई दिल्ली _bडायमंड पॉकेट बुक्स भारत _c2012 |
||
| 300 |
_a76पृ0 _ccm. |
||
| 650 | _aभारतीय-भूगोल | ||
| 942 |
_hU8.58, 152Q2 _cTEXL _2cc |
||
| 999 |
_c1015517 _d1015517 |
||